<?xml version="1.0" encoding="UTF-8"?>
<marc:record xmlns:marc="http://www.loc.gov/MARC21/slim">
   <marc:leader>00000nam a2200000 a 4500</marc:leader>
   <marc:datafield ind1="1" ind2=" " tag="100">
      <marc:subfield code="a">Paluten</marc:subfield>
      <marc:subfield code="4">aut</marc:subfield>
      <marc:subfield code="e">Verfasser/-in</marc:subfield>
   </marc:datafield>
   <marc:datafield ind1=" " ind2=" " tag="653">
      <marc:subfield code="a">Youtube</marc:subfield>
   </marc:datafield>
   <marc:datafield ind1=" " ind2=" " tag="653">
      <marc:subfield code="a">Youtuber</marc:subfield>
   </marc:datafield>
   <marc:datafield ind1="0" ind2="0" tag="245">
      <marc:subfield code="a">Der Golemkönig</marc:subfield>
   </marc:datafield>
   <marc:datafield ind1="0" ind2="0" tag="245">
      <marc:subfield code="b">Ein Comic aus der Welt von Minecraft Freedom</marc:subfield>
   </marc:datafield>
   <marc:datafield ind1=" " ind2="1" tag="264">
      <marc:subfield code="b">Community Editions </marc:subfield>
      <marc:subfield code="c">2019</marc:subfield>
   </marc:datafield>
   <marc:datafield ind1="1" ind2=" " tag="520">
      <marc:subfield code="a">Paluten ist einer der erfolgreichsten YouTuber Deutschlands. Mit seinem Minecraft-Projekt  FREEDOM  erschuf er eine komplette Welt, die Millionen Zuschauer begeisterte. In &gt;&gt;Der Golemkönig&lt;&lt;kehrt er in diese Welt zurück, um mit seinem besten Freund Edgar neue Abenteuer zu erleben!
Iggi gibt alles, denn er will unbedingt ein mächtiger Golem werden. Im Moment seines größten Erfolges jedoch entdeckt Paluten eine schreckliche Wahrheit: Jemand spielt ein falsches Spiel! Um Iggi und die Golems zu warnen, ist es längst zu spät. Paluten und Edgar müssen selbst aktiv werden, wenn sie Iggi retten wollen – und mit ihm die ganze Stadt. </marc:subfield>
   </marc:datafield>
   <marc:datafield ind1=" " ind2=" " tag="020">
      <marc:subfield code="a">9783960960751</marc:subfield>
      <marc:subfield code="9">9783960960751</marc:subfield>
   </marc:datafield>
</marc:record>
